000
00300nam a22001097a 4500
008
160430b xxu||||| |||| 00| 0 eng d
020
_a
0314844325
041
_a
eng
080
_a
612.39
245
_a
Nutrition concepts controveries:
_c
Eva May Nunnelley Hamilton; Eleanor Noss Whitney;
942
_2
udc
_c
BK
999
_c
1709
_d
1709